Normal view
MARC view
Entry Personal Name
001 - CONTROL NUMBER
- control field: 12209
003 - CONTROL NUMBER IDENTIFIER
- control field: OSt
005 - DATE AND TIME OF LATEST TRANSACTION
- control field: 20150919175523.0
008 - FIXED-LENGTH DATA ELEMENTS
- fixed length control field: 150919|| aca||aabn | a|a d
040 ## - CATALOGING SOURCE
- Original cataloging agency: OSt
- Transcribing agency: OSt
100 ## - HEADING--PERSONAL NAME
- Personal name: Brecht, Bertolt
670 ## - SOURCE DATA FOUND
- Source citation: Work cat.: (OSt)4085: Brecht, Bertolt, Love Diary of A Great Poet 1920-1922, 1979









